Združenie miest a obcí Turca s novým vedením

Bibliographic Details
Main Author: Gregor, Braňo (Author)
Format: Article
Language:Slovak
Subjects:

MARC

LEADER 00000nab a2200000 ar4500
001 vtls008955327
003 SK-MaSNL
005 20260303070340.0
008 070314c2007 xo wr|p|||||||000 b|slo
015 |a SNBRBL2007/03  |2 snkbucl 
038 |a SNKBUCL 
040 |a SNKBUCL  |b slo  |c SNKBUCL  |e AACR2 
041 0 |a slo 
044 |a xo  |c SK 
080 |a 352  |x (437.6)  |2 1997 
080 |a 061.25  |2 1997 
100 1 |a Gregor, Braňo  |4 aut  |9 1067671 
245 1 0 |a Združenie miest a obcí Turca s novým vedením  |c Braňo Gregor 
610 2 7 |a Združenie miest a obcí Turca (Slovensko).  |b Snem  |2 snkbucl  |9 1054197 
648 7 |a 2007  |2 snkbucl  |9 313226 
650 0 7 |a zasadanie  |2 snkbucl  |9 280253 
773 0 |t Obecné noviny  |g Roč. XVII, č. 9 (2007), s. 3 
852 |a SNK  |b KIS3GCP 
958 |a SK 
999 |c 1754988  |d 1756918